| 000 | 00400nam a2200157Ia 4500 | ||
|---|---|---|---|
| 008 | 210716s2012 xx 000 0 und d | ||
| 020 | _a9780749464622 | ||
| 041 | _aeng | ||
| 082 | _a658.802 BARC | ||
| 100 | _aBarrow, Colin;Barrow, Paul;Brown, Robert. | ||
| 245 | _aBusiness plan workbook. | ||
| 250 | _a7 | ||
| 260 |
_aNew Delhi _bKogan Page _c2012 |
||
| 300 | _axxii,326 | ||
| 650 | _aMarketing | ||
| 999 |
_c207793 _d207793 |
||